• 首页
  • 本馆介绍
  • 公告通知
  • 最新文献
  • 馆藏检索
  • 电子资源
  • 读者导购
  • 参考咨询
  • 我的图书馆
  • 登录
  • 详细信息显示
  • 放入我的书架
  • 预约/预借图书
  • 作者相关作品
  • 分类相关作品
  • 丛书相关作品
  • 出版社相关作品

书目信息

  • 表格格式
  • 工作单格式
  • 卡片格式
题名:
肺经疾病的自然疗法
    
 
作者: 张德记, 著
分册:  
出版信息: 北京   中医古籍出版社  2017
页数: 206页
开本: 24cm
丛书名: 金口诀自然医学系列丛书
单 册:
中图分类: R224.1
科图分类:
主题词: 手太阴肺经--shou tai yin fei jing--疾病--自然疗法
电子资源:
ISBN: 978-7-5152-1284-5
000 01071nam 2200277 450
001 012001000057
005 20131104162730.0
010    @a978-7-5152-1284-5@dCNY45.00
099    @aCAL 012017131924
100    @a20170821d2017 em y0chiy50 ea
101 0  @achi
102    @aCN@b110000
105    @aa z 000yy
106    @ar
200 1  @a肺经疾病的自然疗法@Afei jing ji bing de zi ran liao fa@f张德记著
210    @a北京@c中医古籍出版社@d2017
215    @a206页@c图@d24cm
225 2  @a金口诀自然医学系列丛书@Ajin kou jue zi ran yi xue xi lie cong shu
314    @a张德记, 曾任中国人民解放军军事统筹学会谋略研究中心主任研究员。
330    @a本书主要内容包括: 借自然医学分析研究肺脏病 ; 借自然医学 (子午流注补泻) 防与治肺脏病 ; 借自然医学立体运动补泻与防治肺脏病 ; 借自然医学保健品补泻与防治肺脏病等。
410  0 @12001 @a金口诀自然医学系列丛书
606 0  @a手太阴肺经@Ashou tai yin fei jing@x疾病@x自然疗法
690    @aR224.1@v5
701  0 @a张德记,@Azhang de ji@f1959-@4著
801  0 @aCN@b北京卓展文化@c20191020
905    @b1195199-202@dR224.1@e476@f4
    
    肺经疾病的自然疗法/张德记著.-北京:中医古籍出版社,2017
    206页:图;24cm.-(金口诀自然医学系列丛书)
    
    
    ISBN 978-7-5152-1284-5:CNY45.00
    本书主要内容包括: 借自然医学分析研究肺脏病 ; 借自然医学 (子午流注补泻) 防与治肺脏病 ; 借自然医学立体运动补泻与防治肺脏病 ; 借自然医学保健品补泻与防治肺脏病等。
●
相关链接 在E读中查询图书 在五车中查询图书 在当当中查询图书 在豆瓣中查询图书


正题名:肺经疾病的自然疗法     索取号:R224.1/476         预约/预借

序号 登录号 条形码 馆藏地/架位号 状态 备注
1 1195199   211951994   第二样本阅览室/ [索取号:R224.1/476] 在馆    
2 1195200   211952001   第三借阅区/ [索取号:R224.1/476] 在馆    
3 1195201   211952010   第三借阅区/ [索取号:R224.1/476] 在馆    
4 1195202   211952029   第三借阅区/ [索取号:R224.1/476] 在馆    
唐山师范学院图书馆 欢迎您!
大连网信软件有限公司© 版权所有